| 000 | 00622nam a2200205Ii 4500 | ||
|---|---|---|---|
| 001 | 3695 | ||
| 003 | CO-ViMGA | ||
| 008 | 241108s9999||||xx |||||||||||||| ||und|| | ||
| 040 |
_aCO-ViMGA _bspa _erda _cCO-ViMGA |
||
| 041 | 0 | _aunk | |
| 082 | 0 | 4 | _a339-E229m |
| 100 | 1 |
_aHernán Echavarría Olózaga _955014 |
|
| 245 | 1 | 0 | _aMacroeconomía de la América cafetera |
| 264 | 1 | _a[Lugar de publicación no identificado] : Carvajal, [19??] | |
| 300 | _avolumen | ||
| 336 |
_atext _btxt _2rdacontent |
||
| 337 |
_aunmediated _bn _2rdamedia |
||
| 338 |
_avolume _bnc _2rdacarrier |
||
| 940 | _aidficha_siabuc: 3606. -- ficha_no_siabuc:3695 | ||
| 999 |
_c52366 _d52366 |
||